| 000 | 00000nas##2200000za#4500 |
| 001 | 9.504807 |
| 003 | CaOODSP |
| 005 | 20200813121811 |
| 007 | cr ||||||||||| |
| 008 | 150406c1996||||xxc|| m o||||f| |0eng|d |
| 022 | |a1205-996X |
| 040 | |aCaOODSP|beng |
| 043 | |an-cn--- |
| 086 | 1 |aCS91-0015E-PDF |
| 245 | 00|aDemographic documents |h[electronic resource] |
| 260 | |aOttawa - Ontario : |bStatistics Canada |c1996-. |
| 310 | |aIrregular |
| 362 | 1 |aNo. 1- |
| 520 | 3 |aIntended for scholars and researchers, published occasionally by the Demography Division of Statistics Canada for their methodological, analytical or descriptive interest in the population field. |
| 710 | 2 |aStatistics Canada. |
| 775 | 08|tDocuments démographiques |w(CaOODSP)9.501214 |